Meranie počiatočnej doby dozvuku 1-impulzovou metódou pomocou PC = Measuring EDT with 1-impulse method with assistance of the PC

Saved in:
Bibliographic Details
Main Author: Baka, Adrian (Author)
Other Authors: Košťál, Milan, 1946- (Thesis advisor)
Format: Manuscript Book
Language:Slovak
Published: Bratislava : STU v Bratislave FEI, 2005
Tags: Add Tag
No Tags, Be the first to tag this record!

MARC

LEADER 00000ntm a22000003a 4500
001 stu94210
005 20160719164644.2
008 050602s2005----xo------------------slo-d
040 |a STU  |b slo 
041 0 |a slo 
044 |a xo 
100 1 |a Baka, Adrian  |4 aut 
245 1 |a Meranie počiatočnej doby dozvuku 1-impulzovou metódou pomocou PC = Measuring EDT with 1-impulse method with assistance of the PC 
260 |a Bratislava :  |b STU v Bratislave FEI,  |c 2005 
300 |a 47 s 
700 1 |a Košťál, Milan,  |d 1946-  |4 ths  |u E230  |U FEI Fakulta elektrotechniky a informatiky  |T FEI Katedra rádioelektroniky  |X 2101  |U E230  |Y 71  |7 A000002101